| 000 | 00416nam a2200145 a 4500 | ||
|---|---|---|---|
| 005 | 20140414132104.0 | ||
| 008 | 100823s19uu xx 00 eng d | ||
| 050 |
_aTR 808.5 _bOr8 2005 |
||
| 100 | _aOrtiz, Leo | ||
| 245 |
_a40 Elocution pieces for speeach training / _ccompiled by Ledo D. Ortiz. |
||
| 260 |
_aManila : _bAnvil, _c2005. |
||
| 650 | _aElocution | ||
| 650 | _aSpeeches, addresses etc | ||
| 999 |
_c114559 _d114559 |
||